Сочинения Козьмы Пруткова

Opis bibliograficzny
1. autor: Козьма Прутков
Kolejni autorzy: Новиков Вл. (составитель автор предисловия), Тишков Л. (иллюстратор)
Streszczenie:Загл. указано на корешке
В суперобложке.
Język:rosyjski
Wydane: Москва, Книга, 1986
Hasła przedmiotowe:
Format: MixedMaterials Książka
KOHA link:https://koha.lib.tpu.ru/cgi-bin/koha/opac-detail.pl?biblionumber=235309

MARC

LEADER 00000nam0a2200000 4500
001 235309
005 20231101231405.0
010 |b 10000 экз. 
035 |a (RuTPU)RU\TPU\book\256445 
090 |a 235309 
100 |a 20130408d1986 m y0rusy50 ca 
101 0 |a rus 
102 |a RU 
105 |a ac z 001zb 
200 1 |a Сочинения Козьмы Пруткова  |f Козьма Прутков  |g сост., вступит ст., комментарии Вл. Новикова ; худож. Л. Тишков 
210 |a Москва  |c Книга  |d 1986 
215 |a 413 с.  |c ил., портр.  |d 13 см. 
300 |a Загл. указано на корешке 
300 |a В суперобложке. 
320 |a Комментарии: с. 377-413. 
600 0 |a Козьма Прутков  |c коллективный творческий псевдоним российских поэтов (А. К. Толстой, Александр, Алексей и Владимир Жемчужниковы)  |f 19 в.  |2 stltpush  |3 (RuTPU)RU\TPU\pers\29633  |9 14152 
610 1 |a русская литература 
610 1 |a 19 век 
610 1 |a миниатюрные издания 
686 |a Ч611.68  |v LBC/SL-A  |2 rubbk 
700 0 |a Козьма Прутков  |c коллективный творческий псевдоним российских поэтов (А. К. Толстой, Александр, Алексей и Владимир Жемчужниковы)  |f 19 в.  |2 stltpush  |3 (RuTPU)RU\TPU\pers\29633  |9 14152 
702 1 |a Новиков  |b Вл.  |4 220  |4 080 
702 1 |a Тишков  |b Л.  |4 440 
801 1 |a RU  |b 63413507  |c 20130408 
801 2 |a RU  |b 63413507  |c 20130410  |g RCR 
942 |c BK